000 00744nam a2200205Ii 4500
003 JO-AjNU
008 230605s9999||||xx |||||||||||||| ||und||
040 _aJO-AjNU
_bara
_erda
_cJO-AjNU
041 _aara
050 1 4 _aDS231.J3
100 3 _aتاليف علي، جواد,
_eauthor
_960478
245 0 0 _aالمفصل في تاريخ العرب قبل الاسلام، ج2
250 _aط جديدة مصححه ومنقحة
264 3 1 _aبيروت: دار الاحياء للتراث العربي، د.ت
300 _aج2: 515ص
336 _atext
_btxt
_2rdacontent
337 _aunmediated
_bn
_2rdamedia
338 _avolume
_bnc
_2rdacarrier
650 4 _aالبلاد العربية- تاريخ- العصر الجاهلي
_960479
999 _aA27273
_c30841
_d30841